000
00325nam a2200109Ia 4500
008
171211s9999 xx 000 0 und d
245
_a
Why Cats Paint: A Theory of Feline Aesthetics
245
_c
Burton Silver and Heather Busch
260
_c
2006
650
_x
ANIMALS
856
_u
http://down.ebook777.com/056/0898156122.pdf
999
_c
348432
_d
348432